| 000 | 00425nam a2200157Ia 4500 | ||
|---|---|---|---|
| 008 | 160316s1990 xxu||||| |||| 00| 0 eng d | ||
| 082 |
_a346.066400 _bACH |
||
| 100 | _aAcharya B K | ||
| 245 | _aCompany law and secretarial practice | ||
| 250 | _a3rd | ||
| 260 |
_aBombay _bHimalaya Publishing House _c1990 |
||
| 300 |
_a604P _b20 cm _c |
||
| 365 | _bRs.150 | ||
| 650 | _a1.Company - Law - Secretarial Practice | ||
| 700 |
_a _a |
||
| 999 |
_c4460 _d4460 |
||